<?xml version="1.0" encoding="UTF-8"?>
<collection xmlns="http://www.loc.gov/MARC21/slim">
 <record>
  <leader>00523nam a22001811a 4500</leader>
  <controlfield tag="001">000038391</controlfield>
  <controlfield tag="003">14686</controlfield>
  <controlfield tag="005">20160412021306.0</controlfield>
  <controlfield tag="008">160412s2008                  000</controlfield>
  <datafield tag="082" ind1=" " ind2=" ">
   <subfield code="a">4A(07)2485</subfield>
  </datafield>
  <datafield tag="245" ind1=" " ind2=" ">
   <subfield code="a">Revolish toefl ibt prep 2 level four reading, listening, speaking,writing CD 1 &amp; CD 2 (Kèm theo CD/726-727)</subfield>
   <subfield code="c">Quách Thu Nguyệt</subfield>
  </datafield>
  <datafield tag="260" ind1=" " ind2=" ">
   <subfield code="c">2008</subfield>
  </datafield>
  <datafield tag="OWN" ind1=" " ind2=" ">
   <subfield code="a">LNN</subfield>
  </datafield>
  <datafield tag="999" ind1=" " ind2=" ">
   <subfield code="a">From the UDN01</subfield>
  </datafield>
  <datafield tag="TYP" ind1=" " ind2=" ">
   <subfield code="a">Monograph</subfield>
  </datafield>
  <datafield tag="980" ind1=" " ind2=" ">
   <subfield code="a">Mạng thư viện Đại học Đà Nẵng</subfield>
  </datafield>
 </record>
</collection>
